The Cathedral of St Fin Barre at Cork : (Record no. 17366)
[ view plain ]
| 000 -LEADER | |
|---|---|
| fixed length control field | 01420pam a22003617a 4500 |
| 008 - FIXED-LENGTH DATA ELEMENTS--GENERAL INFORMATION | |
| fixed length control field | 070522s2006 ie a b 001 0 eng d |
| 020 ## - INTERNATIONAL STANDARD BOOK NUMBER | |
| International Standard Book Number | 1846820235 (hbk.) |
| 020 ## - INTERNATIONAL STANDARD BOOK NUMBER | |
| International Standard Book Number | 9781846820236 (hbk.) |
| 043 ## - GEOGRAPHIC AREA CODE | |
| Geographic area code | e-ie--- |
| 050 00 - LIBRARY OF CONGRESS CALL NUMBER | |
| Classification number | NA5491.C614L39 2006 |
| 100 1# - MAIN ENTRY--PERSONAL NAME | |
| Personal name | Lawrence, David, |
| Dates associated with a name | 1942 November 4- |
| 245 14 - TITLE STATEMENT | |
| Title | The Cathedral of St Fin Barre at Cork : |
| Remainder of title | William Burges in Ireland / |
| Statement of responsibility, etc. | David Lawrence & Ann Wilson. |
| 260 ## - PUBLICATION, DISTRIBUTION, ETC. (IMPRINT) | |
| Place of publication, distribution, etc. | Dublin ; |
| -- | Portland, Or. : |
| Name of publisher, distributor, etc. | Four Courts Press, |
| Date of publication, distribution, etc. | c2006. |
| 300 ## - PHYSICAL DESCRIPTION | |
| Extent | 200 p. : |
| Other physical details | ill. (chiefly col.) ; |
| Dimensions | 26 cm. |
| 504 ## - BIBLIOGRAPHY, ETC. NOTE | |
| Bibliography, etc | Includes bibliographical references (p. 195-197) and index. |
| 600 10 - SUBJECT ADDED ENTRY--PERSONAL NAME | |
| Personal name | Burges, William, |
| Dates associated with a name | 1827-1881. |
| 610 20 - SUBJECT ADDED ENTRY--CORPORATE NAME | |
| Corporate name or jurisdiction name as entry element | St. Fin Barre's Cathedral (Cork, Ireland) |
| 650 #0 - SUBJECT ADDED ENTRY--TOPICAL TERM | |
| Topical term or geographic name as entry element | Church architecture |
| Geographic subdivision | Ireland |
| -- | Cork. |
| 700 1# - ADDED ENTRY--PERSONAL NAME | |
| Personal name | Wilson, Ann, |
| Dates associated with a name | 1944- |
| 942 ## - ADDED ENTRY ELEMENTS (KOHA) | |
| Source of classification or shelving scheme | |
| Koha item type | Hard Covered Materials |
| Withdrawn status | Lost status | Source of classification or shelving scheme | Damaged status | Not for loan | Home library | Current library | Shelving location | Date acquired | Source of acquisition | Total Checkouts | Full call number | Barcode | Date last seen | Price effective from | Koha item type |
|---|---|---|---|---|---|---|---|---|---|---|---|---|---|---|---|
| MACHAKOS UNIVERSITY LIBRARY | MACHAKOS UNIVERSITY LIBRARY | All Collections | 23/11/2016 | donation (BFA) | NA5491.C614L39 2006 | 28354 | 23/11/2016 | 23/11/2016 | Hard Covered Materials |